Islam, globalization and postmodernity (Record no. 16092)

MARC details
000 -LEADER
fixed length control field 00338nam a2200145Ia 4500
082 ## - DEWEY DECIMAL CLASSIFICATION NUMBER
Classification number 297 ISL-
245 #0 - TITLE STATEMENT
Title Islam, globalization and postmodernity
260 ## - PUBLICATION, DISTRIBUTION, ETC. (IMPRINT)
Place of publication London
Name of publisher Routledge
Year of publication 1996
300 ## - PHYSICAL DESCRIPTION
Number of Pages xiv, 242
504 ## - BIBLIOGRAPHY, ETC. NOTE
Bibliography, etc includes index
650 ## - SUBJECT ADDED ENTRY--TOPICAL TERM
Topical Term Islam
700 ## - ADDED ENTRY--PERSONAL NAME
Personal name Donnan, Hastings.
700 ## - ADDED ENTRY--PERSONAL NAME
Personal name Ahmed, Akbar S.
942 ## - ADDED ENTRY ELEMENTS (KOHA)
Koha item type Books
Holdings
Withdrawn status Lost status Damaged status Not for loan Collection code Home library Current library Date acquired Bill Date Full call number Accession Number Price effective from Koha item type
        Docas Books NASSDOC Library NASSDOC Library 29/12/2016 2005-02-11 297 ISL- D000468 18/04/2019 Books